La donna delinquente, la prostituta e la donna normale / (Record no. 157935)

MARC details
000 -LEADER
campo de control de longitud fija 00984nam a22002295i 4500
001 - NÚMERO DE CONTROL
campo de control 157935
003 - IDENTIFICADOR DE NÚMERO DE CONTROL
campo de control ES-MaACL
005 - FECHA Y HORA DE LA ÚLTIMA TRANSACCIÓN
campo de control 20250902063108.0
008 - DATOS DE LONGITUD FIJA--INFORMACIÓN GENERAL
campo de control de longitud fija 040819s1893 it a |||| | ita d
040 ## - FUENTE DE CATALOGACIÓN
Centro catalogador/agencia de origen CAM
Lengua de catalogación spa
Centro/agencia transcriptor CAM
100 1# - ENTRADA PRINCIPAL--NOMBRE DE PERSONA
Nombre de persona Lombroso, Cesare,
Fechas asociadas al nombre 1835-1909
9 (RLIN) 242173
245 13 - MENCIÓN DEL TÍTULO
Título La donna delinquente, la prostituta e la donna normale /
Mención de responsabilidad, etc. C. Lambroso e G. Ferrero.
260 ## - PUBLICACIÓN, DISTRIBUCIÓN, ETC.
Lugar de publicación, distribución, etc. Torino ;
-- Roma :
Nombre del editor, distribuidor, etc. Editori L. Roux e c.,
Fecha de publicación, distribución, etc. 1893 (
Lugar de fabricación/manufactura Torino :
Fabricante Tip. Lit. Camilla e Bertolero)
300 ## - DESCRIPCIÓN FÍSICA
Extensión XI, 640 p., VIII h. de lám. :
Otras características físicas il. ;
Dimensiones 24 cm.
530 ## - NOTA DISPONIBLE DE FORMULARIO FÍSICO ADICIONAL
Nota de formato físico adicional disponible Disponible en formato digital.
650 #4 - PUNTO DE ACCESO ADICIONAL DE MATERIA--TÉRMINO DE MATERIA
Término de materia o nombre geográfico como elemento de entrada Mujeres-
Subdivisión general Psicología.
9 (RLIN) 15309
650 #4 - PUNTO DE ACCESO ADICIONAL DE MATERIA--TÉRMINO DE MATERIA
Término de materia o nombre geográfico como elemento de entrada Delincuencia.
9 (RLIN) 11551
700 01 - ENTRADA AGREGADA--NOMBRE PERSONAL
Nombre de persona Ferrero, Guglielmo.
9 (RLIN) 50546
852 ## - LOCALIZACIÓN
Ubicación ES-MaACL
Número de control de estantería F-9656
Nota libre -- Enc. hol. conservando la cub. original
856 ## - LOCALIZACIÓN Y ACCESO ELECTRÓNICOS
Identificador Uniforme de Recursos <a href="http://bibliotecadigitalhispanica.bne.es:80/webclient/DeliveryManager?pid=4174680&custom_att_2=simple_viewer">http://bibliotecadigitalhispanica.bne.es:80/webclient/DeliveryManager?pid=4174680&custom_att_2=simple_viewer</a>
Nota pública Biblioteca Digital Hispánica
Holdings
Estatus retirado Estado de pérdida Estado de daño No para préstamo Colección Biblioteca de origen Biblioteca actual Ubicación en estantería Fecha de adquisición Fuente de adquisición Total de préstamos Signatura topográfica completa Código de barras Visto por última vez Precio de reemplazo Tipo de ítem Koha
        Colección digital Biblioteca del Ateneo de Madrid Biblioteca del Ateneo de Madrid Sala Pecera Planta 2 17/01/2008     F-9656 1165290 23/02/2023 23/02/2023 Libro impreso antiguo